000 00325nam a22001457a 4500
008 210518b ||||| |||| 00| 0 eng d
020 _a047109983X
041 _aeng
080 _a574
082 _a574
100 _a9
101 _aMJE
245 _aRisk Assessment of Environmental Hazard
_cKates,R.V
942 _2udc
_cBK
999 _c57417
_d57417